[Event "Titled Tue 10th Jun Early"]
[Site "chess.com INT"]
[Date "2025.06.10"]
[Round "1"]
[White "Leyva Proenza, Richard"]
[Black "Matveeva, Olga"]
[Result "0-1"]
[WhiteTitle "IM"]
[BlackTitle "WIM"]
[WhiteElo "2333"]
[BlackElo "2177"]
[WhiteFideId "3500985"]
[BlackFideId "24107018"]
[EventDate "2025.06.10"]

1. e4 c6 2. d4 d5 3. Nc3 dxe4 4. Nxe4 Nf6 5. Nxf6+ exf6 6. Bc4 Bd6 7. Qe2+ Qe7
8. Qxe7+ Bxe7 9. Ne2 Be6 10. Bd3 O-O 11. Bd2 c5 12. c4 cxd4 13. Nxd4 Rd8 14. Bc3
Nc6 15. Nxc6 bxc6 16. O-O-O c5 17. b3 Bd6 18. Kc2 Be5 19. g3 Bxc3 20. Kxc3 a5
21. Be4 Rab8 22. a3 Kf8 23. Bf3 Ke7 24. Rxd8 Rxd8 25. Rd1 Rxd1 26. Bxd1 Kd6 27.
f4 g5 28. Bc2 h5 29. Be4 h4 30. b4 axb4+ 31. axb4 cxb4+ 32. Kxb4 hxg3 33. hxg3
gxf4 34. gxf4 Bd7 35. c5+ Kc7 36. Kc3 Be6 37. Kd4 Bd7 38. Bd5 Be6 39. Bf3 Bd7
40. Ke3 Be6 41. Be4 Bd7 42. Kf3 Bc6 43. Ke3 Bd7 44. Bd5 Be6 45. Bg2 Bd7 46. Bh1
Be6 47. Kf2 Bd7 48. Bd5 Be6 49. Be4 Bd7 50. Kg3 Bc6 51. Kf3 Bd7 52. Ke3 Be6 53.
f5 Bd7 54. Kf4 Bc6 55. Ke3 Bd7 56. Kd4 Bc8 57. Bd3 Bd7 58. Be4 Bc8 59. c6 Ba6
60. Ke3 Bb5 61. Kd4 Bxc6 0-1

[Event "Titled Tue 10th Jun Early"]
[Site "chess.com INT"]
[Date "2025.06.10"]
[Round "1"]
[White "Shymanskyi, Oleksandr"]
[Black "Rustemov, Alexander"]
[Result "0-1"]
[WhiteTitle "FM"]
[BlackTitle "GM"]
[WhiteElo "2218"]
[BlackElo "2525"]
[WhiteFideId "14168880"]
[BlackFideId "4119002"]
[EventDate "2025.06.10"]

1. e4 e6 2. d4 d5 3. Nd2 dxe4 4. Nxe4 Bd7 5. Nf3 Bc6 6. Bd3 Nd7 7. O-O Ngf6 8.
Qe2 Nxe4 9. Bxe4 Bxe4 10. Qxe4 c6 11. c3 Bd6 12. Re1 O-O 13. Bf4 Nf6 14. Bg5
Nxe4 15. Bxd8 Nxc3 16. bxc3 Rfxd8 17. a4 b6 18. Kf1 Rac8 19. Reb1 f6 20. g3 Kf7
21. Kg2 Rd7 22. Rb3 Rb8 23. c4 c5 24. dxc5 Bxc5 25. a5 Rbd8 26. axb6 axb6 27.
Ra2 e5 28. Rbb2 Ke6 29. Rc2 Rd1 30. Nd2 Bd4 31. Nb3 Bc5 32. Ra6 R1d6 33. Rb2 h5
34. Nxc5+ bxc5 35. Ra5 Rc6 36. Rbb5 Rdc8 37. Rb7 R8c7 38. Rb8 Kf5 39. Rd8 g5 40.
h3 g4 41. hxg4+ hxg4 42. Ra3 Rb7 43. Rc3 Rb2 44. Rd5 Ra6 45. Rc1 Ra5 46. Kg1 Ke4
47. Re1+ Kf5 48. Rc1 Re2 49. Rb1 Ke4 50. Rc1 Raa2 51. Rf1 Kf3 52. Rd3+ Ke4 53.
Rd5 Ra5 54. Rd6 Kf5 55. Rb1 Raa2 56. Rbb6 Ke4 57. Rxf6 Re1+ 58. Kg2 Raa1 59. f3+
Ke3 60. fxg4 Rg1+ 61. Kh3 Rh1+ 0-1

[Event "Titled Tue 10th Jun Early"]
[Site "chess.com INT"]
[Date "2025.06.10"]
[Round "1"]
[White "Horobetz, Graham"]
[Black "Lazaro Azcutia, Miguel"]
[Result "1-0"]
[BlackTitle "CM"]
[WhiteElo "2250"]
[BlackElo "2275"]
[WhiteFideId "2047322"]
[BlackFideId "54538254"]
[EventDate "2025.06.10"]

1. e4 e5 2. Nf3 Nc6 3. Bb5 a6 4. Ba4 Nf6 5. O-O Be7 6. Re1 b5 7. Bb3 d6 8. c3
O-O 9. h3 Nb8 10. d4 Nbd7 11. c4 c6 12. Nc3 b4 13. Ne2 Nxe4 14. Qc2 Nef6 15. c5
e4 16. cxd6 Bxd6 17. Ng5 h6 18. Nxf7 Rxf7 19. Qxc6 Nb6 20. Bf4 Bxf4 21. Nxf4 Bd7
22. Qc5 a5 23. Ng6 Nc8 24. Ne5 Be8 25. Rac1 Nd6 26. Nxf7 Bxf7 27. Bxf7+ Nxf7 28.
Qb5 Qd5 29. Rc5 Qxd4 30. Qc6 Rd8 31. Rxa5 Qxb2 32. Ra8 Rxa8 33. Qxa8+ Kh7 34.
Qa4 Qc3 35. Rd1 Qc4 36. Qb3 Qxb3 37. axb3 Ne5 38. Rd4 Nc6 39. Rc4 Na5 40. Rxb4
Nd5 41. Rb5 Nxb3 42. Rxb3 Nf6 43. Rb5 Kg6 44. Kf1 Kf7 45. Ke2 Kg6 46. Ke3 Kh7
47. g3 Kg6 48. Rb6 Kf5 49. Rxf6+ Kxf6 50. Kxe4 Ke6 51. Kf4 Kf6 52. Kg4 Kg6 53.
h4 h5+ 54. Kf4 Kf6 55. f3 g6 56. Ke4 Ke6 57. g4 hxg4 58. fxg4 Kf6 59. Kd5 Kf7
60. Ke5 Ke7 61. g5 Kf7 62. Kd6 Kf8 63. Ke6 Kg7 64. Ke7 Kg8 65. Kf6 Kh7 66. Kf7
Kh8 67. Kxg6 Kg8 68. Kf6 1-0

[Event "Titled Tue 10th Jun Early"]
[Site "chess.com INT"]
[Date "2025.06.10"]
[Round "1"]
[White "Demirtas, Alper"]
[Black "Mohylnyi, Stepan"]
[Result "1-0"]
[WhiteTitle "CM"]
[BlackTitle "FM"]
[WhiteElo "2205"]
[BlackElo "2314"]
[WhiteFideId "44576781"]
[BlackFideId "34127836"]
[EventDate "2025.06.10"]

1. Nf3 Nf6 2. c4 g6 3. g3 Bg7 4. Bg2 O-O 5. O-O c6 6. d4 d5 7. cxd5 cxd5 8. Nc3
Nc6 9. Ne5 Bf5 10. Nxc6 bxc6 11. Na4 Ne4 12. b3 e5 13. Bb2 exd4 14. Bxd4 Bxd4
15. Qxd4 Qf6 16. Qxf6 Nxf6 17. Rac1 Rac8 18. Rc5 Nd7 19. Ra5 Rc7 20. Rc1 Rfc8
21. Nc5 Nb6 22. e3 Kg7 23. Na6 Rd7 24. Nb4 Rd6 25. Rxa7 c5 26. Nxd5 Nxd5 27. e4
Nb4 28. exf5 gxf5 29. Ra5 Re8 30. Bf1 Rd2 31. a3 Nd3 32. Bxd3 Rxd3 33. Rcxc5
Rxb3 34. Rxf5 Re1+ 35. Kg2 Re7 36. Rf3 Rb2 37. a4 Ra2 38. Ra6 Ra1 39. a5 Ra2 40.
Ra8 Kg6 41. Ra6+ Kg7 42. g4 Rd7 43. h3 Ra4 44. Rf5 Ra1 45. Ra8 h6 46. a6 Ra2 47.
h4 Re7 48. Rf4 Re6 49. Ra7 Rexa6 50. Raxf7+ Kg6 51. Rf8 R6a5 52. R4f6+ Kg7 53.
R8f7+ Kg8 54. Rb7 Ra8 55. Rc6 Rd8 56. Rxh6 Ra5 57. Rg6+ Kf8 58. h5 Rd4 59. h6
Ra8 60. h7 Rxg4+ 61. Rxg4 Ra1 62. Rg8# 1-0

[Event "Titled Tue 10th Jun Early"]
[Site "chess.com INT"]
[Date "2025.06.10"]
[Round "1"]
[White "Mattenberger, Matthias"]
[Black "Montano Vicente, Guadalupe"]
[Result "1-0"]
[WhiteTitle "FM"]
[WhiteElo "2286"]
[BlackElo "1938"]
[WhiteFideId "1339958"]
[BlackFideId "5181399"]
[EventDate "2025.06.10"]

1. e4 c5 2. Nf3 d6 3. d4 cxd4 4. Nxd4 Nf6 5. Nc3 a6 6. a4 e5 7. Nf3 h6 8. h3 Be6
9. Be3 b6 10. Be2 Be7 11. O-O Nbd7 12. Qd2 O-O 13. Rfd1 Nc5 14. Bd3 Qc7 15. Qe2
Qb7 16. Nd2 Rfc8 17. Bc4 Nfxe4 18. Ncxe4 Nxe4 19. Bxe6 fxe6 20. Qg4 Ng5 21. Bxg5
Bxg5 22. Qxe6+ Qf7 23. Qxf7+ Kxf7 24. c3 Be7 25. Ne4 Ke6 26. Ng3 d5 27. Re1 Bf6
28. Ne2 Kf7 29. Rad1 Rd8 30. Rd3 Rd6 31. Red1 Rad8 32. c4 d4 33. Ng3 R6d7 34. b3
Ke6 35. Ne4 g6 36. g4 Be7 37. f3 g5 38. Kg2 a5 39. Rc1 Bc5 40. Rc2 Kf7 41. Re2
Ke6 42. Nf2 Kf6 43. Kf1 Re8 44. Kg2 Red8 45. Re1 Re8 46. Red1 Red8 47. R3d2 Ke6
48. Nd3 Kf6 49. Re2 Bd6 50. Re4 Re7 51. Rde1 Rde8 52. Kg3 Re6 53. h4 R6e7 54.
hxg5+ hxg5 55. Rh1 Kg7 56. Rh5 Kg6 57. Nf2 Rh7 58. Rxh7 Kxh7 59. Nd3 Kg6 60. Kg2
Kf6 61. Re1 Kg6 62. Nf2 Bb4 63. Rd1 Ba3 64. Ne4 Be7 65. Rh1 Rg8 66. Kf2 1-0

[Event "Titled Tue 10th Jun Early"]
[Site "chess.com INT"]
[Date "2025.06.10"]
[Round "1"]
[White "Brezis, Ari"]
[Black "Ilamparthi, A R"]
[Result "1-0"]
[WhiteTitle "CM"]
[BlackTitle "IM"]
[WhiteElo "2179"]
[BlackElo "2490"]
[WhiteFideId "2858541"]
[BlackFideId "45015775"]
[EventDate "2025.06.10"]

1. d4 c5 2. d5 e5 3. c4 d6 4. e4 Be7 5. Nf3 Nf6 6. Nc3 O-O 7. Be2 Ne8 8. O-O g6
9. a3 Ng7 10. b4 b6 11. Ne1 f5 12. Nd3 Nd7 13. bxc5 bxc5 14. Rb1 Nf6 15. f3 f4
16. Qc2 g5 17. Kf2 Qe8 18. h3 Qh5 19. Ke1 Qh4+ 20. Kd1 Qg3 21. Rf2 h5 22. Bf1 g4
23. hxg4 hxg4 24. Ne1 Nfh5 25. Qe2 Bh4 26. Nd3 Qh2 27. Kc2 Bxf2 28. Qxf2 Ng3 29.
Be2 Bd7 30. Bd2 Rfb8 31. Rxb8+ Rxb8 32. Nxf4 exf4 33. Bxf4 N7h5 34. Bxd6 Re8 35.
fxg4 Nh1 36. Bxh2 Nxf2 37. gxh5 Nxe4 38. Nxe4 Rxe4 39. Bd3 Rg4 40. Bd6 Rxg2+ 41.
Kc3 a5 42. Bxc5 Kf7 43. Bb6 Rh2 44. Bxa5 Rxh5 45. Kd4 Ke7 46. Bb4+ Kd8 47. Kc5
Kc7 48. Ba5+ Kb7 49. Be4 Bc8 50. Bc3 Rh4 51. Bc2 Bh3 52. Ba4 Bf1 53. Bc6+ Kc8
54. Bb5 Bh3 55. a4 Bd7 56. a5 Bf5 57. a6 Kb8 58. Kb6 Rh6+ 59. Bc6 Rh7 60. Be5+
Kc8 61. a7 1-0

[Event "Titled Tue 10th Jun Early"]
[Site "chess.com INT"]
[Date "2025.06.10"]
[Round "1"]
[White "Devagharan, Devina"]
[Black "Ilinca, Felix-Antonio"]
[Result "1-0"]
[WhiteTitle "WFM"]
[BlackTitle "IM"]
[WhiteElo "1860"]
[BlackElo "2431"]
[WhiteFideId "2061600"]
[BlackFideId "54764998"]
[EventDate "2025.06.10"]

1. d4 d5 2. c4 c6 3. Nc3 Nf6 4. cxd5 cxd5 5. Bf4 a6 6. e3 Nc6 7. Bd3 Bg4 8. Nge2
Bxe2 9. Qxe2 e6 10. O-O Bd6 11. Bxd6 Qxd6 12. f4 O-O 13. Rac1 b5 14. g4 Nd7 15.
Qc2 Nb4 16. Bxh7+ Kh8 17. Qb1 g6 18. Bxg6 fxg6 19. Qxg6 Rf6 20. Qh5+ Kg7 21. g5
Rg6 22. h4 Rh8 23. Qg4 Nc6 24. h5 Ne7 25. hxg6 Nf5 26. Rf3 Rh4 27. Qg2 Nf8 28.
Ne2 Nxg6 29. Ng3 Nge7 30. Nxf5+ Nxf5 31. Rh3 Qb4 32. Rxh4 Nxh4 33. Qe2 Kg6 34.
Kf2 e5 35. fxe5 Qf8+ 36. Ke1 Nf3+ 37. Kd1 Nxg5 38. Kc2 Qf5+ 39. Qd3 Ne4 40. Rg1+
Kh7 41. Rg2 Kh6 42. Rh2+ Kg5 43. Rg2+ Kh4 44. a3 Kh3 45. Re2 Kg3 46. e6 Qxe6 47.
Qd1 Kh4 48. Qg1 Ng3 49. Rh2+ Kg4 50. Rg2 Qe4+ 51. Kb3 Qf3 52. Ka2 Kh3 53. Qh2+
Kg4 54. Qg1 Kh3 55. Rf2 Qe4 56. Rf4 Qe6 57. Qe1 Qg6 58. Rf3 Qg4 59. Qf2 Qg8 60.
Rf4 Qg5 61. Qf3 Kh2 62. Qf2+ Kh3 63. Rf6 Ne4 64. Qf3+ Kh2 65. Rf5 Qg8 66. Rh5+
Kg1 67. Qd1+ Kg2 68. Qe2+ Kg3 69. Rh2 1-0

[Event "Titled Tue 10th Jun Early"]
[Site "chess.com INT"]
[Date "2025.06.10"]
[Round "1"]
[White "Babayeva, Nasrin"]
[Black "Rojas Salas, Steven"]
[Result "0-1"]
[WhiteTitle "WFM"]
[BlackTitle "IM"]
[WhiteElo "1936"]
[BlackElo "2354"]
[WhiteFideId "13416626"]
[BlackFideId "3819434"]
[EventDate "2025.06.10"]

1. c4 c6 2. g3 d5 3. Bg2 Nf6 4. Nf3 a6 5. b3 b5 6. cxd5 cxd5 7. Bb2 Nbd7 8. O-O
Bb7 9. d4 e6 10. Nbd2 Be7 11. Rc1 O-O 12. e3 Qa5 13. a4 Rfc8 14. axb5 axb5 15.
Ra1 Qd8 16. Qe2 b4 17. Rfc1 Rxc1+ 18. Rxc1 Ba6 19. Qd1 Rc8 20. Bf1 Bxf1 21. Qxf1
Rxc1 22. Qxc1 h6 23. Qc6 g5 24. Ne5 Nxe5 25. dxe5 Nd7 26. Nf3 Nc5 27. Nd4 Nd3
28. Nxe6 fxe6 29. Qxe6+ Kg7 30. Bd4 Nc5 31. Qc6 Nxb3 32. Bb6 Qg8 33. Qd7 Qf7 34.
e6 Qf6 35. Bd8 Kf8 36. Bxe7+ Qxe7 37. Qxd5 Nc5 38. Qf5+ Kg7 39. Qe5+ Kg8 40.
Qb8+ Kh7 41. Qxb4 Kg6 42. Qb1+ Kf6 43. Qa1+ Kxe6 44. Qh8 Qf6 45. Qc8+ Kd5 46.
Qa8+ Kc4 47. Qa2+ Nb3 48. Qa4+ Kc3 49. Kg2 h5 50. Qd7 g4 51. Qc7+ Kb2 52. Qb7
Kc2 53. Qc7+ Kd1 54. Qd7+ Nd2 55. Qb7 Qf3+ 56. Qxf3+ Nxf3 57. h3 Ke2 58. hxg4
hxg4 59. e4 Kd3 60. e5 Nxe5 61. f4 gxf3+ 62. Kf2 Ke4 0-1

[Event "Titled Tue 10th Jun Early"]
[Site "chess.com INT"]
[Date "2025.06.10"]
[Round "1"]
[White "Lucas, Arthur"]
[Black "Panin, Mikhail"]
[Result "0-1"]
[WhiteTitle "IM"]
[BlackTitle "CM"]
[WhiteElo "2338"]
[BlackElo "2255"]
[WhiteFideId "26093073"]
[BlackFideId "34164992"]
[EventDate "2025.06.10"]

1. e4 b6 2. d4 Bb7 3. Nc3 e6 4. Bd3 Bb4 5. Ne2 Nf6 6. O-O d5 7. e5 Nfd7 8. Nb1
Be7 9. c3 c5 10. Nd2 Ba6 11. Bc2 Nc6 12. Nf3 cxd4 13. cxd4 Nb4 14. Bb1 Rc8 15.
a3 Nc6 16. Bd2 Na5 17. Bxa5 bxa5 18. Re1 Nb6 19. Nc3 Qd7 20. Bc2 h6 21. Rc1 O-O
22. Ba4 Nxa4 23. Qxa4 Qxa4 24. Nxa4 Bb5 25. Nc5 Rc7 26. b4 axb4 27. axb4 a5 28.
bxa5 Ra8 29. Rb1 Rxa5 30. Rec1 Bc4 31. Nb3 Raa7 32. Nbd2 Bd3 33. Rxc7 Rxc7 34.
Ra1 Bb4 35. Nf1 Kh7 36. Ne3 g5 37. h3 Bc3 38. Rc1 Be4 39. Nd1 Ba5 40. Rxc7 Bxc7
41. Nd2 Bc2 42. Ne3 Bd3 43. g4 Bb6 44. Nf3 Be4 45. Nd2 Bxd4 46. Nxe4 dxe4 47.
Nc4 Kg7 48. Kg2 f6 49. exf6+ Kxf6 50. Kg3 Bc5 51. Nd2 Ke5 52. Nc4+ Kd5 53. Nd2
Bd6+ 54. Kg2 Bf4 55. Nb3 Kc4 56. Na5+ Kd3 57. Nc6 e5 58. Ne7 e3 59. fxe3 Kxe3
60. Nf5+ Kd2 61. Kf3 Kd3 62. Nd6 Bc1 63. Ne4 Ba3 64. Nf2+ Kd4 65. Ne4 Be7 66.
Ng3 Bf8 67. Nf5+ Kd5 68. Ne3+ Kd4 69. Nf5+ Kd3 70. Ne3 e4+ 0-1

[Event "Titled Tue 10th Jun Early"]
[Site "chess.com INT"]
[Date "2025.06.10"]
[Round "1"]
[White "Yonal, Timur"]
[Black "Paltrinieri, Nicholas"]
[Result "0-1"]
[WhiteTitle "FM"]
[BlackTitle "FM"]
[WhiteElo "2170"]
[BlackElo "2359"]
[WhiteFideId "44115725"]
[BlackFideId "828262"]
[EventDate "2025.06.10"]

1. e4 e6 2. d4 d5 3. Nc3 dxe4 4. Nxe4 Bd7 5. Nf3 Bc6 6. Bd3 Nd7 7. O-O Ngf6 8.
Bg5 Be7 9. Bxf6 Nxf6 10. Qe2 O-O 11. c3 Bxe4 12. Bxe4 c6 13. a4 Re8 14. a5 a6
15. Ne5 Bd6 16. Rfd1 Bc7 17. b4 Nxe4 18. Qxe4 Qd5 19. Qe2 Rad8 20. Nf3 Qh5 21.
h3 Rd5 22. Rd3 Red8 23. Rad1 R5d7 24. Qe4 Qd5 25. Qxd5 cxd5 26. Nd2 Bd6 27. Nb3
Rc7 28. Kf1 Rdc8 29. Nc5 Kf8 30. Ke2 Ke7 31. g3 h5 32. h4 Rg8 33. Rh1 Kd8 34.
Rdd1 Kc8 35. Ke3 Kb8 36. Rdg1 g6 37. Kd3 Ka7 38. Re1 Rcc8 39. Kd2 Rce8 40. Kd3
e5 41. Nd7 e4+ 42. Kd2 Be7 43. Kc2 f5 44. Kb3 Rd8 45. Nc5 Bd6 46. Rd1 Rgf8 47.
c4 dxc4+ 48. Kxc4 Rc8 49. Rd2 Rf7 50. Rhd1 f4 51. Kd5 e3 52. fxe3 fxe3 53. Re2
Bxg3 54. Rxe3 Bxh4 55. Re6 g5 56. Rh1 Rd8+ 57. Ke5 Bg3+ 58. Ke4 h4 59. Rg6 Bf4
60. d5 Re7+ 61. Ne6 Rd6 62. Rg8 Rdxe6+ 63. dxe6 Rxe6+ 64. Kf5 Rc6 65. Rg7 Rc4
66. Rf7 Rxb4 67. Rd1 Rb5+ 68. Kg4 h3 69. Kxh3 Rxa5 70. Rb1 Rb5 71. Rxb5 axb5 72.
Kg4 b4 73. Kf3 b3 74. Rf5 Ka6 0-1

[Event "Titled Tue 10th Jun Early"]
[Site "chess.com INT"]
[Date "2025.06.10"]
[Round "1"]
[White "Jonnalagadda, Vishnusankar"]
[Black "Zhauynbay Aldiyar"]
[Result "0-1"]
[BlackTitle "FM"]
[WhiteElo "2047"]
[BlackElo "2233"]
[WhiteFideId "39900100"]
[BlackFideId "13780646"]
[EventDate "2025.06.10"]

1. e4 c5 2. Nf3 Nc6 3. d4 cxd4 4. Nxd4 g6 5. Nc3 Bg7 6. Be3 Nf6 7. Bc4 O-O 8.
Bb3 Re8 9. O-O d6 10. h3 Bd7 11. Qd3 Rc8 12. Nd5 Nxd5 13. exd5 Ne5 14. Qe2 Qc7
15. c3 Nc4 16. Bg5 Nb6 17. Rfe1 a5 18. Qf3 a4 19. Bd1 Qc5 20. Be2 Qxd5 21. Qxd5
Nxd5 22. Bd1 a3 23. Rb1 axb2 24. Rxb2 Nxc3 25. Rxb7 Bxh3 26. Bb3 Bxd4 27. Rexe7
Rxe7 28. Rxe7 Be6 29. Rxe6 fxe6 30. Bxe6+ Kg7 31. Bxc8 Nxa2 32. Kf1 Nc3 33. f3
Bf6 34. Bd2 Nb5 35. Ke2 d5 36. Kd3 Kf7 37. Bb7 Ke6 38. Bc8+ Kd6 39. Bb4+ Kc6 40.
Be6 h6 41. Bd2 Bg7 42. f4 Nd6 43. g4 Ne4 44. f5 Nc5+ 45. Ke2 Nxe6 46. fxe6 Kd6
47. Kd3 Kxe6 48. Bb4 h5 49. gxh5 gxh5 50. Ke2 Kf5 51. Kf3 Bf6 52. Bd2 h4 53. Be1
Bg5 54. Bc3 Bf4 55. Be1 Bg3 56. Bc3 Be5 57. Be1 h3 58. Bf2 h2 59. Kg2 Ke4 60.
Bc5 Bd4 61. Bd6 Bg1 62. Bb4 d4 63. Bd2 Kd3 64. Be1 Ke2 65. Bb4 d3 66. Bc3 Bd4
67. Ba5 Be5 68. Bb4 Kd1 69. Ba5 Kc2 70. Bb4 Bc3 71. Bxc3 Kxc3 72. Kxh2 d2 0-1

[Event "Titled Tue 10th Jun Early"]
[Site "chess.com INT"]
[Date "2025.06.10"]
[Round "1"]
[White "Mompel Ferruz, Xavier"]
[Black "Nguyen, Quoc Hy"]
[Result "0-1"]
[WhiteTitle "FM"]
[BlackTitle "FM"]
[WhiteElo "2342"]
[BlackElo "2389"]
[WhiteFideId "54585775"]
[BlackFideId "12410853"]
[EventDate "2025.06.10"]

1. e4 c5 2. Nf3 d6 3. d4 cxd4 4. Nxd4 Nf6 5. Nc3 a6 6. Nb3 e6 7. g4 Be7 8. g5
Nfd7 9. h4 b5 10. a3 Bb7 11. Bg2 Nc6 12. f4 Nc5 13. Be3 Qc7 14. O-O h6 15. Nd4
hxg5 16. hxg5 O-O-O 17. b4 Nd7 18. Nxc6 Qxc6 19. Bd4 Nb6 20. Qd3 Rh4 21. a4 Nc4
22. axb5 axb5 23. Ra7 Rdh8 24. Rfa1 Bd8 25. Bf2 Rxf4 26. Qg3 Rxf2 27. Kxf2 Bb6+
28. Ke1 Ne3 29. Ne2 Nxc2+ 30. Kd2 Be3+ 31. Qxe3 Nxe3 32. Kxe3 Qb6+ 33. Kd2 Rh2
34. Bf1 Qd4+ 35. Ke1 Qxb4+ 36. Kd1 Rh1 37. Ng3 Rg1 38. R7a3 Qd4+ 39. Ke1 b4 40.
Rc1+ Kb8 41. Rd3 Qb2 42. Rcd1 Qe5 43. Kf2 Qc5+ 44. Rd4 e5 45. Kxg1 exd4 46. Rd3
Ba6 47. Rd2 d3+ 48. Kg2 Qe3 49. Rf2 b3 50. Rf3 Qxg5 51. Bxd3 Qd2+ 52. Be2 Bxe2
53. Rxb3+ Bb5+ 54. Kh3 Kc7 55. Rxb5 Qh6+ 56. Rh5 Qe6+ 57. Kg2 g6 58. Rh6 Qe5 59.
Rh1 Kd7 60. Rf1 Ke6 61. Rf3 Qb2+ 62. Rf2 Qh8 63. Rf3 Qh4 64. Rd3 Qf4 65. Rf3 Qg4
66. Rd3 f5 67. exf5+ gxf5 68. Kf2 f4 69. Ne2 Qh4+ 70. Kf3 Qh3+ 71. Ke4 Qf5+ 72.
Kd4 Qe5+ 73. Kc4 Qxe2 74. Kd4 f3 75. Kc4 f2 0-1

[Event "Titled Tue 10th Jun Early"]
[Site "chess.com INT"]
[Date "2025.06.10"]
[Round "1"]
[White "Gu, Xiaobing"]
[Black "Gelman, Alexander"]
[Result "0-1"]
[WhiteTitle "WGM"]
[BlackTitle "IM"]
[WhiteElo "2148"]
[BlackElo "2403"]
[WhiteFideId "8602611"]
[BlackFideId "4118316"]
[EventDate "2025.06.10"]

1. e4 c5 2. Nf3 e6 3. c4 a6 4. d4 cxd4 5. Nxd4 d6 6. Nc3 Nf6 7. Be2 Bd7 8. O-O
Nc6 9. Be3 Be7 10. Qd2 Rc8 11. Rac1 O-O 12. Rfd1 Ne5 13. b3 Re8 14. h3 Ng6 15.
f4 Qc7 16. Nf3 Qb8 17. Kh1 Bc6 18. Qd4 b5 19. cxb5 axb5 20. a4 b4 21. Na2 Nxe4
22. Kh2 d5 23. Ne5 Bf6 24. Nxc6 Rxc6 25. Qxb4 Rxc1 26. Rxc1 Qa8 27. Bb5 Rb8 28.
Bc6 Rxb4 29. Bxa8 Rb8 30. Bc6 Rxb3 31. Bg1 Ra3 32. Nb4 Nxf4 33. Bxd5 Nc3 34. Bc6
Be5 35. g3 Nfe2 36. Rc2 Nxg3 37. Kg2 Nf5 38. Bc5 h5 39. Nd5 Nh4+ 40. Kf2 Ne4+
41. Ke2 Nxc5 42. Ne7+ Kf8 43. Rxc5 Bd6 44. Rxh5 Kxe7 45. Rxh4 g5 46. Rc4 f5 47.
h4 g4 48. h5 Kf6 49. h6 Kg6 50. Rd4 Be5 51. Rd8 Ra2+ 52. Kd3 Ra3+ 53. Kc4 g3 54.
Re8 Kf7 55. Rd8 f4 56. h7 f3 57. h8=Q Bxh8 58. Rxh8 g2 59. Rh7+ Kg8 60. Re7 g1=Q
61. Rxe6 Qc1+ 62. Kb5 Rb3+ 63. Ka6 Qc4+ 64. Bb5 Qxe6+ 0-1

[Event "Titled Tue 10th Jun Early"]
[Site "chess.com INT"]
[Date "2025.06.10"]
[Round "1"]
[White "Birkisson, Bjorn Holm"]
[Black "Mohamed, Anees M"]
[Result "1-0"]
[WhiteTitle "CM"]
[BlackTitle "FM"]
[WhiteElo "2128"]
[BlackElo "2431"]
[WhiteFideId "2310600"]
[BlackFideId "35065815"]
[EventDate "2025.06.10"]

1. e4 d6 2. d4 Nf6 3. Nc3 e5 4. Nf3 Nbd7 5. Bc4 Be7 6. O-O O-O 7. a4 c6 8. h3 h6
9. Qe2 Re8 10. Rd1 exd4 11. Nxd4 Bf8 12. Nf5 d5 13. Bb3 Nxe4 14. Nxe4 Rxe4 15.
Qf3 Qf6 16. c4 Re5 17. Nd4 dxc4 18. Bxc4 Qxf3 19. Nxf3 Re8 20. a5 Nf6 21. Be3
Be6 22. Bf1 Nd5 23. Bd4 a6 24. Nd2 c5 25. Bc3 Nxc3 26. bxc3 Rad8 27. Nc4 Be7 28.
Rdb1 Bd5 29. Ne3 Bc6 30. Rb2 Bf6 31. Rc1 Bg5 32. Re1 Bxe3 33. fxe3 Re5 34. Kf2
f5 35. g3 Kf7 36. Bg2 Bxg2 37. Kxg2 Rd7 38. Reb1 Ree7 39. Kf2 Ke8 40. Kf3 Kd8
41. Kf4 g6 42. g4 Rf7 43. g5 h5 44. Rb6 Rg7 45. Re6 Kc8 46. Rbb6 Rd3 47. Rxg6
Re7 48. Rbe6 Red7 49. Kxf5 Rxc3 50. Rgf6 Rc1 51. g6 Rf1+ 52. Kg5 Rg1+ 53. Kxh5
Kc7 54. Rf7 Kd8 55. Rf8+ Kc7 56. h4 c4 57. Re4 Rd5+ 58. Kh6 Rc5 59. Rff4 c3 60.
Rc4 Kd6 61. Rxc5 Kxc5 62. Rf8 Kb4 63. Rc8 Kb3 64. g7 c2 65. Kh7 Rg4 66. h5 Rc4
67. Rxc4 Kxc4 68. g8=Q+ 1-0

[Event "Titled Tue 10th Jun Early"]
[Site "chess.com INT"]
[Date "2025.06.10"]
[Round "1"]
[White "Cahaya, Satria Duta"]
[Black "Sarveshwaran V"]
[Result "0-1"]
[WhiteTitle "FM"]
[BlackTitle "CM"]
[WhiteElo "2386"]
[BlackElo "2290"]
[WhiteFideId "7124252"]
[BlackFideId "25699016"]
[EventDate "2025.06.10"]

1. e4 e6 2. d4 d5 3. e5 c5 4. c3 Nc6 5. Nf3 Nge7 6. Bd3 cxd4 7. cxd4 Bd7 8. O-O
Qb6 9. Nc3 a6 10. Be3 Qa7 11. a3 b5 12. Bxb5 Nf5 13. Bd3 Nxe3 14. fxe3 Be7 15.
Qc2 h6 16. b4 O-O 17. Na4 Rac8 18. Nc5 a5 19. b5 Nb8 20. Rac1 a4 21. Qb2 Bxc5
22. dxc5 Rxc5 23. Nd4 Rfc8 24. Rxc5 Qxc5 25. Qf2 Be8 26. Qb2 Nd7 27. Nc6 Nb6 28.
Qd4 Qxa3 29. Qxb6 Bxc6 30. bxc6 Qxd3 31. Qb7 Rf8 32. c7 Qc4 33. Ra1 a3 34. Rxa3
Qc1+ 35. Kf2 Qxa3 36. c8=Q Rxc8 37. Qxc8+ Kh7 38. Qc2+ g6 39. Qc7 Kg7 40. h4
Qb2+ 41. Kg3 Qe2 42. Qc5 Qb2 43. Qc7 Qd2 44. Qa7 Qc3 45. Kf4 Qc4+ 46. Kf3 Qe4+
47. Ke2 Qxe5 48. g4 Qe4 49. g5 hxg5 50. hxg5 Qg4+ 51. Kd2 Qxg5 52. Qa1+ Qf6 53.
Qa8 d4 54. e4 Qf4+ 55. Kd3 Qe3+ 56. Kc2 d3+ 57. Kc3 d2+ 58. Kc2 Qe1 59. Qd8
d1=Q+ 60. Qxd1 Qxd1+ 61. Kxd1 Kf6 62. Ke2 Ke5 63. Kf3 f6 64. Ke3 g5 65. Kf3 Kd4
66. e5 Kxe5 67. Kg4 Ke4 68. Kg3 f5 69. Kf2 Kf4 70. Kg2 e5 71. Kf2 e4 72. Ke2 g4
73. Kf2 g3+ 74. Kg2 e3 75. Kf1 Kf3 76. Kg1 e2 77. Kh1 0-1

[Event "Titled Tue 10th Jun Early"]
[Site "chess.com INT"]
[Date "2025.06.10"]
[Round "1"]
[White "Rosen, Eric"]
[Black "Liu, Zachary Hankun"]
[Result "1/2-1/2"]
[WhiteTitle "IM"]
[WhiteElo "2377"]
[BlackElo "2067"]
[WhiteFideId "2032562"]
[BlackFideId "2640287"]
[EventDate "2025.06.10"]

1. d4 Nf6 2. Bf4 b6 3. Nf3 Bb7 4. c4 g6 5. Nc3 Bg7 6. Qc2 c5 7. d5 O-O 8. e4 e6
9. Be2 e5 10. Bxe5 d6 11. Bf4 Re8 12. O-O a6 13. a4 Qc7 14. h3 Nbd7 15. Nd2 Nh5
16. Bh2 Nhf6 17. f4 Re7 18. Bf3 Rae8 19. Rae1 Kh8 20. Kh1 Ng8 21. Qc1 Bh6 22. g4
f6 23. h4 Rf8 24. Kg2 Bc8 25. Ne2 Qb8 26. Qc3 b5 27. axb5 axb5 28. b3 b4 29. Qb2
Qc7 30. Ra1 Bg7 31. f5 Ne5 32. Nf4 Bh6 33. Ne6 Bxe6 34. fxe6 Be3 35. Qc2 Kg7 36.
Be2 Nh6 37. Kh3 g5 38. Bxe5 fxe5 39. Rxf8 Kxf8 40. Rf1+ Kg7 41. Nf3 gxh4 42. g5
Ng8 43. Nxh4 Bxg5 44. Nf5+ Kh8 45. Bh5 Rg7 46. Nxg7 Qxg7 47. Qg2 Nf6 48. Rf5 h6
49. Bf3 Qa7 50. Rxg5 hxg5 51. Qxg5 Qh7+ 52. Kg2 Qg7 53. Qg3 Qxg3+ 54. Kxg3 Kg7
55. Kh4 Kf8 56. Kg5 Ke7 57. Kf5 Ne8 58. Bh5 Nc7 59. Bg6 Na6 60. Bh5 Nc7 61. Bd1
Na6 62. Kg5 Nc7 63. Kh4 Na6 64. Kg3 Nc7 65. Kf2 Na6 66. Ke3 Nc7 67. Kd2 Ne8 68.
Kc1 Nf6 69. Bf3 Ne8 70. Kd2 Nf6 71. Ke3 Ne8 72. Be2 Nc7 73. Bh5 Na6 74. Bd1 Nc7
75. Kd2 Na6 76. Kd3 Nc7 77. Bc2 Na6 78. Kd2 Nc7 79. Ke1 Na6 80. Kf2 Nc7 81. Bd1
Ne8 82. Ke1 Nf6 83. Bf3 Ne8 84. Kd2 Nc7 85. Kc2 Na6 86. Bg4 Nc7 87. Bh5 Na6 88.
Kb2 Nc7 89. Bg6 Na6 90. Ka2 Nc7 91. Bf5 Na6 92. Kb2 Nc7 93. Kc2 Na6 94. Bg4 Nc7
95. Bd1 Na6 96. Bh5 Nc7 97. Kd3 Na6 98. Bd1 Nc7 99. Ke3 Na6 100. Bf3 Nc7 101.
Bh5 Na6 102. Kf2 Nc7 103. Kg3 Na6 104. Kh4 1/2-1/2